| 000 | 00342nam a22001457a 4500 | ||
|---|---|---|---|
| 003 | SGT | ||
| 020 | _a9788124118924 | ||
| 082 |
_a320.954 _bT18S |
||
| 100 | _aSWAMY, SUBRAMANIAN | ||
| 245 | _aTHE IDEOLOGY OF INDIA'S MODERN RIGHT | ||
| 260 |
_bHAR-ANAND PUBLICATIONS _c2018 |
||
| 300 | _a128 | ||
| 650 | _aPOLITICAL SCIENCE | ||
| 942 |
_2ddc _cBK |
||
| 999 |
_c28096 _d28096 |
||